000
00309nam a22001337a 4500
020
_a
9780406056702
082
_a
341.2422
_b
EDW
100
_a
EDWARD DAVID O
245
_a
EUROPEAN COMMUNITY LAW
_b
AN INTRODUCTION
250
_a
2
260
_a
SCOTLAND
_b
BUTTERWORTH
_c
1995
300
_a
166
942
_2
ddc
_c
BK
999
_c
25531
_d
25531